Cybersecurity - Attack and defense strategies / (Record no. 2700)

000 -LEADER
fixed length control field 00761nam a2200277Ia 4500
007 - PHYSICAL DESCRIPTION FIXED FIELD--GENERAL INFORMATION
fixed length control field ta
008 - FIXED-LENGTH DATA ELEMENTS--GENERAL INFORMATION
fixed length control field 230308t2019||||xxka ||gd|||||||1 ||eng||
020 ## - INTERNATIONAL STANDARD BOOK NUMBER
International Standard Book Number 9781838827793
Terms of availability Rs. 2799.00
040 ## - CATALOGING SOURCE
Original cataloging agency IMU Kochi Library
Language of cataloging eng
041 0# - LANGUAGE CODE
Language code of text/sound track or separate title eng
044 ## - COUNTRY OF PUBLISHING/PRODUCING ENTITY CODE
MARC country code United Kingdom
082 04 - DEWEY DECIMAL CLASSIFICATION NUMBER
Edition number 23
Classification number 005.8
Item number D621
100 1# - MAIN ENTRY--PERSONAL NAME
Personal name Diogenes, Yuri
245 10 - TITLE STATEMENT
Title Cybersecurity - Attack and defense strategies /
250 ## - EDITION STATEMENT
Edition statement 2nd ed.
260 ## - PUBLICATION, DISTRIBUTION, ETC. (IMPRINT)
Place of publication, distribution, etc UK:
Name of publisher, distributor, etc Packt publishing,
Date of publication, distribution, etc 2019
300 ## - PHYSICAL DESCRIPTION
Extent xvi, 610 p.:
Other physical details ill. ;
Dimensions 24 cm.
650 #0 - SUBJECT ADDED ENTRY--TOPICAL TERM
Topical term or geographic name as entry element Computer security
650 #0 - SUBJECT ADDED ENTRY--TOPICAL TERM
Topical term or geographic name as entry element Network security
650 #0 - SUBJECT ADDED ENTRY--TOPICAL TERM
Topical term or geographic name as entry element Computers Networking Security
650 #0 - SUBJECT ADDED ENTRY--TOPICAL TERM
Topical term or geographic name as entry element Computer viruses, Trojans & worms
700 ## - ADDED ENTRY--PERSONAL NAME
Personal name Ozkaya, Erdal
Relator term Joint Author
852 ## - LOCATION/CALL NUMBER
Location IMU Kochi Library
904 ## - LOCAL DATA ELEMENT D, LDD (RLIN)
CATALOGER Akhil Bose
942 ## - ADDED ENTRY ELEMENTS (KOHA)
Item type Books
Holdings
Withdrawn status Lost status Source of classification or shelving scheme Damaged status Not for loan Collection code Permanent location Current location Shelving location Date acquired Source of acquisition Cost, normal purchase price Total Checkouts Full call number Barcode Date last seen Date last borrowed Koha item type Public note
          Computer Science IMU Kochi Library IMU Kochi Library General Stacks 2023-03-08 M/S Educational Supplies (Inv. No. 52898 Dt. 2023-02-21) 2799.00 1 005.8 D621 BK006073 2025-11-20 2025-11-04 Books Gen. Shelf-2, Row-2
          Computer Science IMU Kochi Library IMU Kochi Library General Stacks 2023-03-08 M/S Educational Supplies (Inv. No. 52898 Dt. 2023-02-21) 2799.00   005.8 D621 BK006074 2023-06-19   Books Gen. Shelf-2, Row-2


Copyright © All Rights Reserved by Indian Maritime University, Kochi Campus.
For any Suggestions/Query Contact to library or Email: library.kochi@imu.ac.in Ph:(0484)-2989402
(Web OPAC Designed by Rudra Ranjan. Maintained by IMU Kochi Library)

Powered by Koha